Science Quiz

Random Science or Chemistry Quiz
Score 0/26 Timer 10:00
4 Plays Today
Clue Answer % Correct
This functional group arises when a primary alcohol is oxidized by PCC (pyridinium chlorochromate)aldehyde
79.8%
This is the technical term for a molecule or its non-superimposable mirror imageenantiomer
66.1%
This is the name of an organomagnesium compound that is formed from Mg and an alkyl halideGrignard reagent
48.7%
This functional group will form when a ketone reacts with a primary amineimine
48.6%
This Nobel Prize-worthy cyclic reaction requires a diene and a dieneophileDiels-Alder reaction
45.8%
This alcohol, with formula C₆H₅OH, has a pKa of about 10 and used to be called carbolic acidphenol
42.4%
The term for an addition reaction which favors a group adding at the more substituted positionMarkovnikov
41.9%
This is a type of isomerization reaction where functional groups interconvert, like enol to ketonetautomerization
36.9%
The aromaticity of a cyclic compound is determined by this rule which requires [4n+2] pi electronsHückel rule
35.2%
This three-membered cationic intermediate forms when Br₂ reacts with an alkenebromonium ion
34%
This type of drawing shows the relative stereochemistry of two carbons along a bondNewman projection
33.5%
This reaction occurs when an acid chloride is combined with a benzene ring and AlCl₃Friedel-Crafts acylation
32.7%
This oxidative reaction with an allotrope of oxygen splits alkenes into two carbonyl compoundsozonolysis
30.9%
Clue Answer % Correct
This is the common name of dimethyl benzene, and mixtures of its isomers make a good solvent xylene
30.9%
This condensation reaction occurs when two esters combine to form a beta-ketoesterClaisen condensation
30.1%
This organophosphorus zwitterion is one of the two things needed for the Wittig reactionylide
28.5%
This hydrogenation catalyst for alkynes is made by 'poisoning' palladium with lead acetate, etc.Lindlar catalyst
27.2%
This functional group arises when a carbon is double bonded to both an oxygen and another carbonketene
24.4%
During elimination reactions, this rule states that the more substituted alkene should formZaitsev's rule
23.4%
Any source of chromium(VI) ions and sulfuric acid form this mixture used to oxidize alcoholsJones' reagent
20.9%
This term, from the Latin for neighbor, describes when two things are bound to neighboring carbonsvicinal
20.8%
This heterocycle with the formula, C₉H₇N, is a pyridine fused to a benzene quinoline
19.2%
This reaction between an alkoxide and a primary alkyl halide will produce ethers Williamson ether synthesis
18.8%
This reaction to make 6-membered rings, is a condensation reaction followed by an aldolRobinson annulation
13.9%
This one-pot synthesis makes amino acids from cyanide, ammonium, and a carbonylStrecker synthesis
9.9%
This functional group, also called a carbamate, is made of both an amide and an esterurethane
8.7%
Remove Ads.
Support Sporcle.
Get the best of Sporcle when you Go Orange. This ad-free experience offers more features, more stats, and more fun while also helping to support Sporcle. Thank you for becoming a member.

You're not logged in!

Compare scores with friends on all Sporcle quizzes.
OR
Log In

Sporcle TV

Today on Sporcle TV


Watch our educational content, quiz creation guides, and fun videos on Sporcle TV.

Show Comments

Extras

Top Quizzes Today


Score Distribution

Paid Content

Your Account Isn't Verified!

In order to create a playlist on Sporcle, you need to verify the email address you used during registration. Go to your Sporcle Settings to finish the process.

Report this User

Report this user for behavior that violates our Community Guidelines.

Details: